000 00850nam a22002297a 4500
999 _c4863
_d4863
003 AR-CdUCM
008 190311b ||||| |||| 00| 0 spa d
040 _aMUNICIPALIDAD PROVINCIAL DEL CUSCO
_cBIBLIOTECA MUNICIPAL DEL CUSCO
082 _a332.61 /
_bV61
100 _aVidal Ramirez, Fernando
_914965
245 _aLa bolsa de valores :
_bun ensayo de derecho bursátil /
260 _aLima :
_bCultural Cuzco,
_c1988.
300 _a494 páginas ;
_c24 cm.
505 _aMercado de valores, conceptos básicos -- El ordenamiento del mercado de valores -- Las instituciones del mercado de valores -- La bolsa como mercado...
650 _aMercado de valores.
_914966
650 _aRueda de negocios.
_914967
650 _aEconomía.
_9382
650 _aMercado.
_942
650 _aBolsa de valores.
_914968
942 _2ddc
_cLIBROS
945 _awfj